L'industrie pétrochimique

Salvato in:
Dettagli Bibliografici
Ente Autore: Organisation de Cooperation et de Developpement Economiques
Natura: Libro
Lingua:Undetermined
Pubblicazione: France Organisation de Cooperation et de Developpement Economiques 1979
Soggetti:
Tags: Aggiungi Tag
Nessun Tag, puoi essere il primo ad aggiungerne! !
Thư viện lưu trữ: Trung tâm Học liệu Trường Đại học Cần Thơ
LEADER 00618nam a2200181Ia 4500
001 CTU_82606
008 210402s9999 xx 000 0 und d
082 |a 338.4 
082 |b O.68 
110 |a Organisation de Cooperation et de Developpement Economiques 
245 0 |a L'industrie pétrochimique 
245 0 |c Organisation de Cooperation et de Developpement Economiques 
260 |a France 
260 |b Organisation de Cooperation et de Developpement Economiques 
260 |c 1979 
650 |a Petroleum chemical industry 
904 |i QHieu(sửa) 
980 |a Trung tâm Học liệu Trường Đại học Cần Thơ